000 00683nam a22001935i 4500
001 160229
003 ES-MaACL
005 20230906211955.0
008 040923s1896 fr a |||| | fre d
100 1 _aMorgan, Jacques de.
_983521
245 1 2 _aL'age de la pierre et les métaux /
_cpar J. de Morgan.
260 _aParis :
_bErnest Laroux,
_c1896 (
_eAngers :
_fImp. Orientale de A. Burdin)
300 _a282 p. :
_bil. ;
_c28 cm.
490 1 _aRecherches sur les origines de l'Egypte
651 4 _aEgipto-
_yPrehistoria.
_9137129
830 1 _aRecherches sur les origines de l'Egypte
_9188282
852 _aES-MaACL
_jF-12915
_z- Enc. pasta española
999 _c160229
_d160229